Normal view
MARC view
- Cook, Heather D. editor
Entry Personal Name
001 - CONTROL NUMBER
- control field: 38172
003 - CONTROL NUMBER IDENTIFIER
- control field: OSt
005 - DATE AND TIME OF LATEST TRANSACTION
- control field: 20190403110157.0
008 - FIXED-LENGTH DATA ELEMENTS
- fixed length control field: 190403|| aca||aabn | a|a d
040 ## - CATALOGING SOURCE
- Original cataloging agency: OSt
- Transcribing agency: OSt
100 ## - HEADING--PERSONAL NAME
- Personal name: Cook, Heather D. editor
670 ## - SOURCE DATA FOUND
- Source citation: Work cat.: (OSt): Kohl, Harold W.editor 38169, Educating the student body :, ©2013.
